LIBRARY & INFORMATION CENTRE, KCAET, TAVANUR

ONLINE PUBLIC ACCESS CATALOGUE (OPAC)

Advance in Harvest and Post Harvest Technology of Fish (Record no. 14406)

MARC details
000 -LEADER
fixed length control field 00444nam a22001697a 4500
003 - CONTROL NUMBER IDENTIFIER
control field OSt
008 - FIXED-LENGTH DATA ELEMENTS--GENERAL INFORMATION
fixed length control field 230306b |||||||| |||| 00| 0 eng d
020 ## - INTERNATIONAL STANDARD BOOK NUMBER
ISBN 9789381450093
041 ## - LANGUAGE CODE
Language code of text/sound track or separate title eng
082 ## - DEWEY DECIMAL CLASSIFICATION NUMBER
Classification number 664.9497
Item number NAM/AD
245 ## - TITLE STATEMENT
Title Advance in Harvest and Post Harvest Technology of Fish
260 ## - PUBLICATION, DISTRIBUTION, ETC. (IMPRINT)
Place of publication New Delhi
Name of publisher New India Publishing Agency
Year of publication 2012
300 ## - PHYSICAL DESCRIPTION
Number of Pages 442
700 ## - ADDED ENTRY--PERSONAL NAME
Personal name Nambudiri,D.D
700 ## - ADDED ENTRY--PERSONAL NAME
Personal name Peter,K.V
942 ## - ADDED ENTRY ELEMENTS (KOHA)
Koha item type Books
Holdings
Withdrawn status Lost status Damaged status Home library Current library Shelving location Date acquired Source of acquisition Cost, normal purchase price Full call number Accession Number Koha item type Collection code
      KAUAET KAUAET General Stacks 29/06/2016 Arunima Book Distributor,TVPM 2150.00 664.9497 NAM/AD 23835 Books  
      KAUAET KAUAET General Stacks 16/05/2019   3250.00 664.9497 NAM/AD 25777 Books Non-fiction
free website counter